Responses for Show #3381 - Monday, April 26, 1999

Contestants

[<< previous game]

Shannon Poole, a customer support specialist from North Attleboro, Massachusetts

Scott Lewis, a director of judicial affairs from Columbia, South Carolina

Lindsay Peet, a plumbing contractor from Studio City, California (whose 1-day cash winnings total $7,212)

[next game >>]

Jeopardy! Round responses

NATURE
CAR MODELS
THE QUOTABLE JOHN ADAMS
WOMEN
"SO" WHAT?
CDs
    $100 8
Poisonous

Lindsay
    $100 2
Buick

Lindsay
    $100 20
(L: What is secretary of state?)

Vice president

LindsayScott
    $100 18
Pocahontas

Scott
    $100 1
Soprano

Scott
    $100 16
Michael Jackson

Shannon
    $200 9
Beat its wings

Lindsay
    $200 4
Volkswagen

Shannon
    $200 21
Thomas Jefferson

Lindsay
    $200 27
Revlon

Shannon
    $200 3
Soliloquy

Scott
    $200 17
"Bedtime Stories"

Triple Stumper
    $300 10
Plant kingdom

Triple Stumper
    $300 5
Isuzu

Lindsay
    $300 22
Abigail Adams

Scott
    $800 28
(Shannon: I don't know.)

Sonja Henie

Shannon
    $300 13
Sophisticated

Lindsay
    $300 19
(Scott: Who are Paul & Linda McCartney?)

Simon & Garfunkel

LindsayScott
    $400 11
Spiral

Triple Stumper
    $400 6
Porsche

Lindsay
    $400 25
(we have a minute to go...)

Boston Massacre

Lindsay
    $400 30
Ally Sheedy

Scott
    $400 14
Solarium

Shannon
    $400 23
"Nevermind"

Shannon
    $500 12
Starch

Lindsay
    $500 7
(Alex: Obviously, plumbers drive expensive cars!)
(Lindsay: We dream of it!)

Audi

Lindsay
    $500 26
(L: What is a nation?)

Government

LindsayScott
    $500 29
Ima Hogg

Scott
    $500 15
Somalia

Scott
    $500 24
Depeche Mode

Scott

Scores at the first commercial break (after clue 15):

Lindsay Scott Shannon
$2,400 $800 $600

Scores at the end of the Jeopardy! Round:

Lindsay Scott Shannon
$2,700 $2,900 $500

Double Jeopardy! Round responses

MEDITERRANEAN HISTORY
JIM CLASS
NEVER HEARD OF IT BEFORE
FEMALE FILM ROLES
BAN THAT BOOK!
"C.D."s
    $200 11
"The Conqueror"

Scott
    $200 12
Jim Henson

Scott
    $200 18
Hope

Scott
    $200 1
Julie Andrews

Scott
    $200 6
"Leaves of Grass"

Lindsay
    $200 24
(and we have less than a minute to go...)

Cold duck

Shannon
    $400 13
Jim Backus

Scott
    $400 19
Afrikaans

Lindsay
    $400 2
Daryl Hannah

Shannon
    $400 7
"Candide"

Lindsay
    $600 14
James Joyce

Triple Stumper
    $600 20
Kosovo

Lindsay
    $600 3
Sharon Stone

Scott
    $600 8
Myanmar

Lindsay
    $800 23
Muammar Qaddafi

Scott
    $800 15
James (Jim) West

Scott
    $800 21
(Mainland) China

Lindsay
    $800 4
Gena Rowlands

Triple Stumper
    $800 9
(Scott: What is "Lady Chatterley's Lover?")

"Fannie Hill"

Scott
Triple Stumper
    $1,000 25
Clarence Darrow

Shannon
    $1000 17
Palermo

Triple Stumper
    $1000 16
Jimmy Doolittle

Lindsay
    $1,809 22
[Lindsay drops his signaling button on the floor.]
(Alex: Don't lose that signaling button!)

Iraq

Lindsay
    $1000 5
Nastassja Kinski

Triple Stumper
    $1000 10
Comstock Law

Triple Stumper
    $1000 26
["Clair de Lune" plays.]
(Lindsay: [*].)
(Alex: No.)
(Lindsay: Who is [*]?)
...
(Alex: I ruled against you because you didn't phrase it in the form of a question, and you know that you get punished for that in Double Jeopardy!)
[The end-of-round signal sounds.]

Claude Debussy

Lindsay
Triple Stumper

Scores at the end of the Double Jeopardy! Round:

Lindsay Scott Shannon
$7,509 $5,500 $2,100

[wagering suggestions for these scores]

Final Jeopardy! Round responses

LETTER PERFECT
(Alex: Which letter of the alphabet will it be?)
(Alex: The reference in the clue is to the Cirque du Soleil underwater show, and the French word for water is eau.)
ShannonWhat is J?
$2,099
ScottWhat is C
$4,500
LindsayWhat is D
$3,500
O

Final scores:

Lindsay Scott Shannon
$4,009 $1,000 $1
2-day champion: $11,221 2nd place: Panasonic 32" Color TV & DirecTV Satellite Service 3rd place: Panasonic Large Color LCD Palmcorder

Game dynamics:

Coryat scores:

Lindsay Scott Shannon
$6,700 $5,500 $2,700
19 R
(including 1 DD),
3 W
18 R,
2 W
8 R
(including 1 DD),
1 W
(including 1 DD)

Combined Coryat: $14,900

[game clues] [game scores] [suggest correction]

Game tape date: 1999-02-17
The J! Archive is created by fans, for fans. Scraping, republication, monetization, and malicious use prohibited; this site may use cookies and collect identifying information. See terms. The Jeopardy! game show and all elements thereof, including but not limited to copyright and trademark thereto, are the property of Jeopardy Productions, Inc. and are protected under law. This website is not affiliated with, sponsored by, or operated by Jeopardy Productions, Inc. Join the discussion at JBoard.tv.